Isle of Man : Financial Sector Assessment Program Update; Technical Note; Stress Testing; Banking and Insurance.

This technical note presents stress testing of banking and insurance on the Isle of Man (IOM). The stress tests for the IOM Financial Sector Assessment Program Update have been designed to yield as comprehensive and detailed a picture as possible within the constraints of the approach and available...

Celý popis

Podrobná bibliografie
Korporativní autor: International Monetary Fund
Médium: Časopis
Jazyk:English
Vydáno: Washington, D.C. : International Monetary Fund, 2009.
Edice:IMF Staff Country Reports; Country Report ; No. 2009/279
On-line přístup:Full text available on IMF
LEADER 01636cas a2200241 a 4500
001 AALejournalIMF006049
008 230101c9999 xx r poo 0 0eng d
020 |c 5.00 USD 
020 |z 9781451818505 
022 |a 1934-7685 
040 |a BD-DhAAL  |c BD-DhAAL 
110 2 |a International Monetary Fund. 
245 1 0 |a Isle of Man :   |b Financial Sector Assessment Program Update; Technical Note; Stress Testing; Banking and Insurance. 
264 1 |a Washington, D.C. :  |b International Monetary Fund,  |c 2009. 
300 |a 1 online resource (26 pages) 
490 1 |a IMF Staff Country Reports 
500 |a <strong>Off-Campus Access:</strong> No User ID or Password Required 
500 |a <strong>On-Campus Access:</strong> No User ID or Password Required 
506 |a Electronic access restricted to authorized BRAC University faculty, staff and students 
520 3 |a This technical note presents stress testing of banking and insurance on the Isle of Man (IOM). The stress tests for the IOM Financial Sector Assessment Program Update have been designed to yield as comprehensive and detailed a picture as possible within the constraints of the approach and available data. Stress tests have been performed both by individual institutions based on the parameters and scenarios agreed between the authorities and IMF staff, and, at an aggregate level and in many instances, by the authorities themselves. 
538 |a Mode of access: Internet 
830 0 |a IMF Staff Country Reports; Country Report ;  |v No. 2009/279 
856 4 0 |z Full text available on IMF  |u http://elibrary.imf.org/view/journals/002/2009/279/002.2009.issue-279-en.xml  |z IMF e-Library